Sports Collectifs: Durée d'un Match - Statistiques

Statistiques générales
  • Ce quiz a été pris 621 fois
  • Le résultat moyen est 5 sur 12
Statistiques - réponses
Hint Réponse % Correct
Football 2 x 45 minutes
89%
Rugby 2 x 40 minutes
77%
Handball 2 x 30 minutes
62%
Basket (FIBA) 4 x 10 minutes
51%
Basket (NBA) 4 x 12 minutes
47%
Rugby à 7 2 x 7 minutes
39%
Futsal 2 x 20 minutes
35%
Football Américain 4 x 15 minutes
26%
Water Polo 4 x 8 minutes
25%
Hockey sur Glace 3 x 20 minutes
24%
Beach Soccer 3 x 12 minutes
12%
Hockey sur Gazon 4 x 15 minutes
11%
Aucun quiz correspondant
Distribution des résultats
% des personnes avec chaque résultat
Percentile par nombre de réponses
Votre historique - résultats
Vous n’avez pas pris ce quiz